| 000 | 01294nkm a2200289 i 4500 | ||
|---|---|---|---|
| 001 | 3397 | ||
| 003 | ES-MaACL | ||
| 005 | 20250916231835.0 | ||
| 007 | khrbo | ||
| 008 | 051020s1984 sp --- g |001||spa d | ||
| 100 | 0 |
_aAlfonso, _d1902-1990 _919858 |
|
| 245 | 1 | 0 |
_aPresentación del libro "La pasión de Bubu" y "Alguien grande va a nacer" de Alfredo Castellón [ _hFotografía] / _cAlfonso (sello). |
| 260 |
_a[S.l. : _bs.n.], _c1984. |
||
| 300 |
_a6 fot. : _bb. y n. ; _c12 x 18 cm. |
||
| 500 | _aDatos basados en invitación. | ||
| 511 | 0 | _aIntervienen: Alfredo Castellón, Ricardo Domenech. | |
| 518 | _aActo organizado por la Sección de Teatro del Ateneo de Madrid en colaboración con la editorial Ayuso y la librería La Avispa, celebrado en la sala de conferencias el jueves, 20 de diciembre de 1984, a las 20:00 h. | ||
| 600 | 1 | 4 |
_aCastellón, Alfredo. _936570 |
| 600 | 1 | 4 |
_aDoménech, Ricardo, _d1938-2010 _945084 |
| 610 | 2 | 4 |
_aAteneo de Madrid- _xActos culturales- _y1984- _vFotografías. _91898 |
| 710 | 2 |
_aAteneo de Madrid. _91875 |
|
| 710 | 2 |
_aLa Avispa (Madrid) _95450 |
|
| 710 | 2 |
_aEditorial Ayuso. _93438 |
|
| 852 |
_aES-MaACL _jFOT 104/1984 |
||
| 856 | 4 |
_uhttp://www.ateneodemadrid.net/biblioteca_digital/imagenes/1984/0104-1984.jpg _zVer imagen |
|
| 999 |
_c3397 _d3397 |
||